| 000 | 00449nam a2200193Ia 4500 | ||
|---|---|---|---|
| 003 | OSt | ||
| 005 | 20250902100831.0 | ||
| 008 | 250729s2004 xx 000 0 und d | ||
| 020 | _a978-8176487351 | ||
| 040 | _cAL | ||
| 041 | _aeng | ||
| 082 | _a155 TANC | ||
| 100 |
_aTandon R K _9222379 |
||
| 245 | _aChild psychology | ||
| 260 |
_aNew Delhi _bA P H Publishing _c2004 |
||
| 300 | _a371p | ||
| 650 |
_aPsychology _9222380 |
||
| 942 |
_2ddc _cBED |
||
| 999 |
_c235435 _d235435 |
||